000 01286cad a22002295a 4500
001 L143554
008 080122s2008 xxkad f s 000 0 eng d
035 _a(Sirsi) u143554
041 0 _aeng
050 0 4 _a333.337 $2 18
110 2 _aSavills
_92020
245 0 0 _aSavills UK commercial development activity PMI
_bApril 2008
_h[electronic resource]
260 _aLondon
_bSavills
_c2008
490 0 _aSavills UK Commercial Development Activity PMI
_vApril 2008
520 _aPresents findings of a monthly survey of the activity and intentions of over 200 UK commercial property developers. 28% of respondents reported a month on month fall in activity, and only 12 % reported a rise, thereby bringing the balance of the survey to its most negative level since it began in 2003. Finds developers pessimistic about the future due to problems with debt sourcing and concerns about prospects for the UK economy. Expects development activity to remain low.
590 _aKA
650 2 4 _aSAVILLS UK COMMERCIAL DEVELOPMENT ACTIVITY PMI
651 4 _aUnited Kingdom
_y
690 _aPROPERTY-COMMERCIAL PROPERTY-COMMERCIAL PROPERTY MARKET
856 4 0 _uhttps://www.savills.com/
_zView this report free of charge following registration under research at www.savills.com...
942 _n0
999 _c108218
_d108218